[Event "Top 16"]
[Site "?"]
[Date "2008.04.12"]
[Round "6.1"]
[White "Ninov, Nikolai"]
[Black "Vaisser, Anatoly"]
[Result "1/2-1/2"]
[WhiteElo "2509"]
[BlackElo "2539"]
[PlyCount "107"]
[EventDate "2008.??.??"]

1. e4 e6 2. d4 d5 3. Nc3 dxe4 4. Nxe4 Nd7 5. Nf3 Ngf6 6. Bg5 h6 7. Nxf6+ Nxf6
8. Bh4 c5 9. Ne5 Qa5+ 10. c3 cxd4 11. Qxd4 Bc5 12. Qf4 Bd6 13. Bg3 O-O 14. Be2
Nd7 15. Nc4 Bxf4 16. Nxa5 Bxg3 17. hxg3 e5 18. O-O-O Nf6 19. Rh4 b6 20. Nc6 Re8
21. Bf3 e4 22. Be2 Bd7 23. Nb4 Be6 24. b3 Rac8 25. Kb2 Rc5 26. Nc2 Rec8 27. c4
R5c7 28. Ne3 Kf8 29. Rd4 Rc5 30. Rh1 Ke7 31. b4 Re5 32. Rc1 h5 33. Rc3 a5 34.
a3 Ra8 35. Bd1 axb4 36. axb4 Ng4 37. Bxg4 hxg4 38. Ra3 Rxa3 39. Kxa3 f5 40. Kb2
g5 41. Kc3 f4 42. gxf4 gxf4 43. Nc2 Bf5 44. Rd2 Kf6 45. g3 Kg5 46. Rd5 Rxd5 47.
cxd5 e3 48. gxf4+ Kxf4 49. Nxe3 g3 50. Ng2+ Kf3 51. fxg3 Kxg2 52. Kd4 Kxg3 53.
Ke5 Kg4 54. Kd6 1/2-1/2

[Event "Top 16"]
[Site "?"]
[Date "2008.04.12"]
[Round "6.2"]
[White "Doettling, Fabian"]
[Black "Sulava, Nenad"]
[Result "1/2-1/2"]
[WhiteElo "2544"]
[BlackElo "2479"]
[PlyCount "47"]
[EventDate "2008.??.??"]

1. d4 e6 2. c4 Bb4+ 3. Nd2 b6 4. a3 Bxd2+ 5. Qxd2 Nf6 6. Nf3 O-O 7. e3 Bb7 8.
Be2 d6 9. b4 Nbd7 10. O-O Ne4 11. Qd3 f5 12. Bb2 Rf6 13. d5 Rh6 14. Rad1 c5 15.
g3 Rg6 16. Ne1 cxb4 17. f3 Nxg3 18. hxg3 Rxg3+ 19. Kf2 Qh4 20. Rg1 Rg6+ 21. Kf1
Qh3+ 22. Kf2 Qh4+ 23. Kf1 Qh3+ 24. Kf2 1/2-1/2

[Event "Top 16"]
[Site "?"]
[Date "2008.04.12"]
[Round "6.3"]
[White "Drasko, Milan"]
[Black "Rozentalis, Eduardas"]
[Result "1/2-1/2"]
[WhiteElo "2536"]
[BlackElo "2582"]
[PlyCount "36"]
[EventDate "2008.??.??"]

1. Nf3 Nf6 2. g3 d5 3. Bg2 c6 4. O-O Bg4 5. d3 Nbd7 6. Re1 e5 7. e4 dxe4 8.
dxe4 Bc5 9. Nbd2 O-O 10. h3 Bxf3 11. Bxf3 Re8 12. Qe2 h6 13. Rd1 Qc7 14. Nb3
Bb6 15. Bd2 Nc5 16. Nxc5 Bxc5 17. Be1 a5 18. a4 Qb6 1/2-1/2

[Event "Top 16"]
[Site "?"]
[Date "2008.04.12"]
[Round "6.4"]
[White "Kallai, Gabor"]
[Black "Comte, Frederic"]
[Result "1-0"]
[WhiteElo "2468"]
[BlackElo "2190"]
[PlyCount "77"]
[EventDate "2008.??.??"]

1. Nf3 Nf6 2. d4 c6 3. c4 g6 4. Nc3 Bg7 5. e4 d6 6. Be2 O-O 7. O-O Bg4 8. Be3
Nbd7 9. Qd2 Qc7 10. h3 Bxf3 11. Bxf3 e5 12. Rad1 Rfd8 13. d5 Ne8 14. dxc6 bxc6
15. Qc2 Nc5 16. Na4 Ne6 17. c5 Nd4 18. Bxd4 exd4 19. cxd6 Nxd6 20. Nc5 Nb7 21.
Nd3 c5 22. b3 h5 23. e5 Rac8 24. Bxb7 Qxb7 25. f4 Qd5 26. Rc1 Rc7 27. Qc4 Qxc4
28. Rxc4 f6 29. exf6 Bxf6 30. Re1 Re7 31. Rxe7 Bxe7 32. Kf2 Rd5 33. Kf3 Kf7 34.
Ke4 Ke6 35. Ra4 Rd7 36. Ra6+ Rd6 37. Nxc5+ Kf7 38. Rxa7 Rc6 39. Kxd4 1-0

[Event "Top 16"]
[Site "?"]
[Date "2008.04.12"]
[Round "6.5"]
[White "Vincent, Stephane"]
[Black "Roos, Daniel"]
[Result "1-0"]
[WhiteElo "2235"]
[BlackElo "2408"]
[PlyCount "115"]
[EventDate "2008.??.??"]

1. d4 Nf6 2. Nf3 g6 3. g3 Bg7 4. Bg2 O-O 5. c4 d5 6. O-O Nc6 7. cxd5 Nxd5 8. e4
Nb6 9. d5 Na5 10. Nc3 c6 11. Nd4 e6 12. Nb3 Nac4 13. dxc6 bxc6 14. Qc2 a5 15.
Rd1 Qe7 16. Nd4 Bb7 17. b3 Rfd8 18. Nde2 Rxd1+ 19. Qxd1 Rd8 20. Qc2 Na3 21.
Bxa3 Qxa3 22. Rd1 Rxd1+ 23. Qxd1 Qe7 24. Qd3 h5 25. f4 e5 26. h3 Qc5+ 27. Kh2
Bf6 28. f5 Kg7 29. fxg6 fxg6 30. Ng1 Qd4 31. Qc2 Nd7 32. Nf3 Qe3 33. Nd1 Qc5
34. Qd2 Nf8 35. Ne3 Bc8 36. Nc4 a4 37. Nd6 Bd7 38. b4 Qb6 39. Nc4 Qb8 40. a3
Be6 41. Bf1 c5 42. bxc5 Qb3 43. Nfxe5 Bxe5 44. Nxe5 Qxa3 45. Qd4 Kg8 46. Bc4
Qc1 47. c6 Bxc4 48. Nxc4 Qc2+ 49. Kg1 Qc1+ 50. Kf2 Qc2+ 51. Ke1 Qc1+ 52. Ke2
Qc2+ 53. Ke3 Qc1+ 54. Kd3 Qd1+ 55. Nd2 Qe1 56. Qc4+ Kg7 57. c7 Nd7 58. Qd4+ 1-0

[Event "Top 16"]
[Site "?"]
[Date "2008.04.12"]
[Round "6.6"]
[White "Roos, Louis"]
[Black "Garro, Pierre"]
[Result "1-0"]
[WhiteElo "2357"]
[BlackElo "2173"]
[PlyCount "133"]
[EventDate "2008.??.??"]

1. c4 Nf6 2. Nc3 g6 3. g3 Bg7 4. Bg2 d6 5. e3 e5 6. Nge2 c6 7. O-O O-O 8. d4
Nbd7 9. b3 Qa5 10. Bb2 Rb8 11. a3 Qc7 12. Rc1 a6 13. a4 b6 14. Qd2 Re8 15. h3
Nf8 16. f4 h5 17. fxe5 dxe5 18. d5 Rd8 19. e4 Ne8 20. Qe3 c5 21. Ba3 Nd7 22.
Kh2 Nd6 23. Rf3 f6 24. Rcf1 Nf7 25. Qf2 Nh6 26. Bc1 Rf8 27. Be3 Ng4+ 28. hxg4
hxg4 29. Rf5 Rf7 30. Rg5 Nf8 31. d6 Qxd6 32. Kg1 Qe6 33. Rf5 Bb7 34. Nd5 gxf5
35. exf5 Qe8 36. Nec3 Nd7 37. Ne4 Bxd5 38. cxd5 Bf8 39. Qe2 Rh7 40. Qxa6 Kh8
41. Rd1 Qf7 42. Qd3 Qh5 43. Qf1 Bh6 44. Bxh6 Qxh6 45. Qf2 Qf8 46. d6 Rd8 47.
Ra1 Qf7 48. Qc2 Rc8 49. a5 bxa5 50. Rxa5 Qd5 51. Ra4 Qf7 52. Ra7 c4 53. bxc4
Rxc4 54. Ra8+ Kg7 55. Qd1 Qh5 56. Ra7 Qxf5 57. Qf1 Qxf1+ 58. Bxf1 Rxe4 59.
Rxd7+ Kg8 60. Rxh7 Rd4 61. Rd7 f5 62. Be2 Kf8 63. Kf2 Rd5 64. Rd8+ Kg7 65. d7
Kf6 66. Bb5 Ke7 67. Re8+ 1-0

[Event "Top 16"]
[Site "?"]
[Date "2008.04.12"]
[Round "6.7"]
[White "Langevin, Philippe"]
[Black "Reinhart, Emmanuel"]
[Result "0-1"]
[WhiteElo "2147"]
[BlackElo "2298"]
[PlyCount "52"]
[EventDate "2008.??.??"]

1. b3 d5 2. Bb2 Nf6 3. Nf3 c6 4. e3 Bf5 5. Be2 e6 6. O-O Nbd7 7. d3 Qc7 8. Nbd2
Bd6 9. c4 h5 10. Re1 Ng4 11. Nf1 Ndf6 12. cxd5 exd5 13. Bxf6 Nxf6 14. a3 Ng4
15. b4 Rh6 16. b5 c5 17. e4 Be6 18. Rc1 dxe4 19. dxe4 c4 20. h3 Nxf2 21. Kxf2
Rd8 22. Qc2 Bc5+ 23. Ne3 Bxe3+ 24. Kxe3 Qc5+ 25. Kf4 Qf2 26. h4 Rf6+ 0-1

[Event "Top 16"]
[Site "?"]
[Date "2008.04.12"]
[Round "6.8"]
[White "Gras, Delphine"]
[Black "Giua, Stephanie"]
[Result "1/2-1/2"]
[WhiteElo "2011"]
[BlackElo "1994"]
[PlyCount "48"]
[EventDate "2008.??.??"]

1. e4 c5 2. Nf3 e6 3. d4 cxd4 4. Nxd4 Nf6 5. Nc3 d6 6. Be2 a6 7. Be3 b5 8. a3
Bb7 9. Bd3 Nbd7 10. Nb3 d5 11. exd5 Nxd5 12. Nxd5 Bxd5 13. O-O Qh4 14. Be2 Bd6
15. h3 Qf6 16. Bf3 Bxf3 17. Qxd6 Bd5 18. Nc5 Qe7 19. Qxe7+ Kxe7 20. Nxd7 Kxd7
21. Rfd1 Kc7 22. Rd3 Rad8 23. Rc3+ Kb7 24. Bf4 Rc8 1/2-1/2

[Event "TOP 16"]
[Site "?"]
[Date "2008.04.13"]
[Round "7.2"]
[White "Kazhgaleyev, Murtas"]
[Black "Gofshtein, Leonid"]
[Result "1-0"]
[WhiteElo "2617"]
[BlackElo "2512"]
[PlyCount "65"]
[EventDate "2008.??.??"]

1. d4 e6 2. c4 Bb4+ 3. Nd2 c5 4. a3 Bxd2+ 5. Qxd2 d6 6. Nf3 Nf6 7. dxc5 dxc5 8.
Qg5 O-O 9. Qxc5 Nc6 10. b4 Ne4 11. Qe3 Qf6 12. Rb1 e5 13. Bb2 Bf5 14. Rc1 Rad8
15. g4 Bg6 16. h4 h6 17. g5 Qd6 18. Bg2 Nd4 19. O-O f5 20. gxf6 Qxf6 21. Rcd1
Rde8 22. Nxd4 exd4 23. Qxd4 Qf7 24. Rd3 Nf6 25. Re3 Rxe3 26. fxe3 Kh8 27. e4
Qc7 28. e5 Rd8 29. Qf4 Nh5 30. Qg4 Bf7 31. Qf5 Qxc4 32. Qxf7 Ng3 33. Qxc4 1-0

[Event "TOP 16"]
[Site "?"]
[Date "2008.04.13"]
[Round "7.3"]
[White "Housieaux, David"]
[Black "Nataf, Igor"]
[Result "1-0"]
[WhiteElo "2381"]
[BlackElo "2543"]
[PlyCount "99"]
[EventDate "2008.??.??"]

1. d4 Nf6 2. c4 g6 3. Nc3 Bg7 4. e4 d6 5. Bd3 O-O 6. Nge2 e5 7. d5 Nh5 8. O-O
Qf6 9. Qd2 Qe7 10. a4 a5 11. Ra3 Na6 12. Bb1 Nc5 13. Nb5 Rd8 14. b4 axb4 15.
Qxb4 f5 16. exf5 Bxf5 17. Be3 c6 18. Nbc3 Nd3 19. Qb3 Nc5 20. Qa2 Rf8 21. Qd2
Nf6 22. Ng3 Ng4 23. Bg5 Qd7 24. f3 Nf6 25. dxc6 bxc6 26. Be3 Nb7 27. Nce4 Be6
28. Rd1 Ne8 29. Ba2 Kh8 30. a5 Ra6 31. Bb6 Qe7 32. Rd3 Nxa5 33. Nxd6 Nxd6 34.
Rxd6 Nxc4 35. Bxc4 Bxc4 36. Rd7 Qh4 37. Bc5 Rg8 38. Ne4 Ra2 39. Qd6 Bd5 40.
Rxg7 Rxg7 41. Qxe5 Ra4 42. Bf8 Raa7 43. Nf6 Bb3 44. Nd7 Qh6 45. Bxg7+ Qxg7 46.
Qb8+ Qg8 47. Qxa7 Bxd1 48. Qd4+ Qg7 49. Qxd1 Qc3 50. h3 1-0

[Event "TOP 16"]
[Site "?"]
[Date "2008.04.13"]
[Round "7.4"]
[White "Fontaine, Robert"]
[Black "Clery, Nicolas"]
[Result "1-0"]
[WhiteElo "2563"]
[BlackElo "2379"]
[PlyCount "161"]
[EventDate "2008.??.??"]

1. d4 Nf6 2. Nf3 g6 3. c4 Bg7 4. Nc3 O-O 5. g3 d6 6. Bg2 c6 7. O-O Qb6 8. h3
Bf5 9. b3 Na6 10. Nh4 Bd7 11. e4 e5 12. dxe5 dxe5 13. Bg5 Rad8 14. Qf3 Ne8 15.
Na4 Qc7 16. Bxd8 Qxd8 17. Rad1 Qe7 18. Qe3 b6 19. Qd2 Bc8 20. Nf3 Bf6 21. Nb2
h5 22. Qc3 Ng7 23. Nd3 Re8 24. b4 Nc7 25. Rd2 h4 26. Rfd1 hxg3 27. fxg3 Nce6
28. Kh2 Nh5 29. Rf1 Qc7 30. Nf2 Bg7 31. Ng4 Nd4 32. Qe3 f5 33. Qg5 fxg4 34.
hxg4 Nf6 35. Qxg6 Rf8 36. Ng5 Qd6 37. Kh1 Bd7 38. Rdf2 Qe7 39. Nh3 Be8 40. Qg5
Ne6 41. Qxe5 Nxg4 42. Rxf8+ Bxf8 43. Rxf8+ Kxf8 44. Qh8+ Kf7 45. Qh5+ Kf6 46.
Qf5+ Kg7 47. Qxg4+ Kf8 48. e5 Bf7 49. Nf4 Nxf4 50. gxf4 Qxb4 51. Kh2 Qxc4 52.
a3 c5 53. Qg5 Qe2 54. Qd8+ Be8 55. Qf6+ Kg8 56. f5 c4 57. Qg5+ Kf8 58. Qf6+ Kg8
59. Qg5+ Kf8 60. f6 Bf7 61. Qg7+ Ke8 62. Qh8+ Kd7 63. Qb8 Qh5+ 64. Bh3+ Kc6 65.
a4 c3 66. Qd6+ Kb7 67. Qd7+ Ka6 68. Qd3+ Kb7 69. Qxc3 Be6 70. Kg2 Bd5+ 71. Kf2
Qh4+ 72. Qg3 Qxa4 73. Qg7+ Ka6 74. Bc8+ Kb5 75. Qd7+ Bc6 76. Qd3+ Kc5 77. Kg3
Qa1 78. Qe3+ Kb5 79. f7 Qf1 80. Qb3+ Kc5 81. f8=Q+ 1-0

[Event "TOP 16"]
[Site "?"]
[Date "2008.04.13"]
[Round "7.5"]
[White "NGuyen, Chi Minh"]
[Black "Palac, Mladen"]
[Result "1/2-1/2"]
[WhiteElo "2414"]
[BlackElo "2559"]
[PlyCount "187"]
[EventDate "2008.??.??"]

1. d4 Nf6 2. c4 e6 3. Nc3 Bb4 4. e3 c5 5. Nge2 b6 6. a3 Ba5 7. Qa4 Nc6 8. Bd2
O-O 9. g3 cxd4 10. exd4 Bxc3 11. Bxc3 Bb7 12. Bg2 d5 13. O-O Rc8 14. c5 Ne4 15.
Rfd1 Nxc3 16. Nxc3 bxc5 17. dxc5 Qe7 18. b4 Ne5 19. Qc2 Rfd8 20. Rac1 Nc4 21.
Bf1 Ne5 22. Qe2 Qf6 23. f4 Nc4 24. Nb5 a6 25. Nd4 Rc7 26. Qf3 Nb2 27. Rd2 Nc4
28. Bxc4 dxc4 29. Qe3 g6 30. Rxc4 Rcd7 31. Qe5 Qxe5 32. fxe5 Rd5 33. c6 Bc8 34.
a4 Rxe5 35. Nf3 Rxd2 36. Nxd2 Rd5 37. Ne4 Kf8 38. Nc3 Rd2 39. b5 Rb2 40. bxa6
Bxa6 41. c7 Bc8 42. Rd4 Ke7 43. Rd8 Rc2 44. Rxc8 Rxc3 45. a5 Kd6 46. Rd8+ Kxc7
47. Rf8 Rf3 48. Kg2 Rf6 49. g4 h5 50. h3 hxg4 51. hxg4 Rf4 52. Kg3 e5 53. Re8
Kd6 54. a6 Ra4 55. Ra8 Ke6 56. Ra7 Kf6 57. Kh4 Ke6 58. Kg3 Ra3+ 59. Kh4 f6 60.
Ra8 Kf7 61. g5 f5 62. Ra7+ Ke8 63. Ra8+ Kf7 64. Ra7+ Ke6 65. Rg7 Ra4+ 66. Kh3
Ra3+ 67. Kh4 Ra4+ 68. Kh3 f4 69. Kg4 f3+ 70. Kxf3 Kf5 71. a7 Ra3+ 72. Kf2 Kxg5
73. Rf7 Kg4 74. Ke2 g5 75. Kf2 Ra4 76. Rg7 Kf4 77. Rf7+ Ke4 78. Rg7 Kf4 79.
Rf7+ Kg4 80. Rg7 Ra3 81. Re7 Kf4 82. Rf7+ Kg4 83. Re7 Ra2+ 84. Ke3 Ra4 85. Rxe5
Rxa7 86. Kf2 Ra2+ 87. Kg1 Kf4 88. Re1 g4 89. Rb1 Kg3 90. Rb3+ Kh4 91. Rc3 g3
92. Rc8 Ra4 93. Kg2 Kg5 94. Kxg3 1/2-1/2

[Event "TOP 16"]
[Site "?"]
[Date "2008.04.13"]
[Round "7.7"]
[White "Aguettaz, Maxime"]
[Black "Cornette, Mattieu"]
[Result "1/2-1/2"]
[WhiteElo "2422"]
[BlackElo "2496"]
[PlyCount "101"]
[EventDate "2008.??.??"]

1. Nf3 g6 2. d4 Nf6 3. Bg5 Bg7 4. Nbd2 d5 5. e3 c6 6. Bd3 Qb6 7. Rb1 Nbd7 8. c4
O-O 9. O-O Re8 10. cxd5 Nxd5 11. e4 Nb4 12. Bc4 Nf8 13. Be3 e6 14. a3 Na6 15.
b4 Qd8 16. Bxa6 bxa6 17. Nc4 f5 18. e5 Nd7 19. Bg5 Qc7 20. Nd6 Rf8 21. Be7 Nxe5
22. Bxf8 Nxf3+ 23. Qxf3 Kxf8 24. Nxc8 Bxd4 25. Qd3 e5 26. Qxa6 Rxc8 27. Rbc1
Bb6 28. a4 e4 29. a5 Bd4 30. Rc4 Be5 31. h3 Qd7 32. Rfc1 Bf4 33. Rxc6 Rd8 34.
Rf1 Qd2 35. Rc8 Rxc8 36. Qxc8+ Kg7 37. g3 e3 38. gxf4 e2 39. Qc7+ Kh6 40. Qxa7
Qxb4 41. Qb6 Qc3 42. Rb1 e1=Q+ 43. Rxe1 Qxe1+ 44. Kg2 Qe4+ 45. Kg3 Qh1 46. a6
Qg1+ 47. Kf3 Qh1+ 48. Kg3 Qg1+ 49. Kf3 Qh1+ 50. Kg3 Qg1+ 51. Kf3 1/2-1/2

[Event "TOP 16"]
[Site "?"]
[Date "2008.04.13"]
[Round "7.8"]
[White "Leconte, Maria"]
[Black "Assad, Karine"]
[Result "1-0"]
[WhiteElo "2339"]
[BlackElo "2042"]
[PlyCount "45"]
[EventDate "2008.??.??"]

1. e4 e5 2. Nf3 Nf6 3. Nc3 Nc6 4. Bb5 Nd4 5. Nxd4 exd4 6. e5 dxc3 7. exf6 Qxf6
8. dxc3 Qe5+ 9. Be2 Bd6 10. g3 Qf6 11. O-O O-O 12. Bd3 h6 13. Qe2 Qe6 14. Qf3
Be7 15. Bf4 Qc6 16. Be4 Qb6 17. Rfe1 Bg5 18. Bxg5 hxg5 19. Rab1 Rb8 20. Qf5 Qh6
21. Qc5 Qb6 22. Bh7+ Kxh7 23. Qxf8 1-0

[Event "TOP 16"]
[Site "?"]
[Date "2008.04.13"]
[Round "7.1"]
[White "Vaisser, Anatoly"]
[Black "Svetushkin, Dmitry"]
[Result "1/2-1/2"]
[WhiteElo "2539"]
[BlackElo "2568"]
[PlyCount "47"]
[EventDate "2008.??.??"]

1. d4 d5 2. c4 c6 3. Nc3 Nf6 4. cxd5 cxd5 5. Bf4 Nc6 6. e3 a6 7. Bd3 Bg4 8.
Nge2 e6 9. Rc1 Be7 10. Bg5 Bxe2 11. Qxe2 Nd7 12. Bxe7 Qxe7 13. O-O O-O 14. Na4
Rfc8 15. a3 Na5 16. b4 Nc6 17. Nc5 a5 18. b5 Na7 19. Nxb7 Rxc1 20. Rxc1 Qxa3
21. Qd1 Rb8 22. Ra1 Qc3 23. Nxa5 Nxb5 24. Nb3 1/2-1/2

[Event "TOP 16"]
[Site "?"]
[Date "2008.04.13"]
[Round "7.2"]
[White "Postny, Evgeny"]
[Black "Doettling, Fabian"]
[Result "1/2-1/2"]
[WhiteElo "2649"]
[BlackElo "2544"]
[PlyCount "154"]
[EventDate "2008.??.??"]

1. e4 e5 2. Nf3 Nf6 3. Nc3 Nc6 4. Bb5 Bd6 5. O-O O-O 6. d3 h6 7. Ne2 a6 8. Bxc6
dxc6 9. Ng3 c5 10. b3 Re8 11. Bb2 Nd7 12. Nd2 Nb8 13. f4 exf4 14. Nh5 Bf8 15.
Rxf4 Nc6 16. Qf1 Qg5 17. Ng3 Nd4 18. Rf2 Be6 19. Nf3 Qd8 20. Rc1 Bd6 21. Ne2
Nxe2+ 22. Qxe2 a5 23. a4 c6 24. Rcf1 Qc7 25. e5 Bf8 26. Nd2 b5 27. Ne4 bxa4 28.
bxa4 c4 29. d4 c5 30. d5 Bxd5 31. Qg4 Be6 32. Nf6+ Kh8 33. Nxe8 Rxe8 34. Qe4
Qd7 35. Bc3 Qxa4 36. Ra1 Qd7 37. Rxa5 Be7 38. Rd2 Qc7 39. Rb5 Rb8 40. Rxb8+
Qxb8 41. Rd1 g6 42. Qc6 Kh7 43. h3 h5 44. Kh2 Qf8 45. Ra1 Qh6 46. Qf3 Qg5 47.
Ra7 h4 48. Ra1 Bf8 49. Re1 Bh6 50. Kh1 Qf4 51. Rf1 Qxf3 52. Rxf3 g5 53. Ba5 Bd5
54. Ra3 Bg7 55. Bc7 Kg6 56. Ra5 Kf5 57. Rxc5 Ke4 58. Bd8 g4 59. hxg4 Bxe5 60.
Bxh4 Be6 61. Bf2 Bd4 62. Bxd4 Kxd4 63. Rc7 Kc3 64. g5 Kxc2 65. Re7 Bd5 66. Re5
Bb7 67. Re7 Bd5 68. Re5 Bb7 69. Rf5 c3 70. Rxf7 Be4 71. Kh2 Kb2 72. Rc7 c2 73.
g4 c1=Q 74. Rxc1 Kxc1 75. Kg3 Kd2 76. Kf4 Kd3 77. Ke5 Ke3 1/2-1/2

[Event "TOP 16"]
[Site "?"]
[Date "2008.04.13"]
[Round "7.3"]
[White "Rozentalis, Eduardas"]
[Black "Mamedov, Nidjat"]
[Result "1/2-1/2"]
[WhiteElo "2582"]
[BlackElo "2577"]
[PlyCount "44"]
[EventDate "2008.??.??"]

1. e4 e5 2. Nf3 Nf6 3. Nxe5 d6 4. Nf3 Nxe4 5. c4 Nc6 6. Nc3 Nxc3 7. dxc3 Bf5 8.
Bd3 Qd7 9. O-O Be7 10. Bxf5 Qxf5 11. Qd5 Qxd5 12. cxd5 Ne5 13. Nxe5 dxe5 14.
Be3 O-O-O 15. c4 b6 16. a4 a5 17. Rac1 Rhe8 18. Rfd1 Kb7 19. Kf1 Bc5 20. Bxc5
bxc5 21. Rc3 Rb8 22. b3 f5 1/2-1/2

[Event "TOP 16"]
[Site "?"]
[Date "2008.04.13"]
[Round "7.4"]
[White "Koch, Jean-Rene"]
[Black "Kallai, Gabor"]
[Result "1/2-1/2"]
[WhiteElo "2453"]
[BlackElo "2468"]
[PlyCount "52"]
[EventDate "2008.??.??"]

1. e4 c6 2. d4 d5 3. exd5 cxd5 4. c4 Nf6 5. Nc3 e6 6. Nf3 Bb4 7. cxd5 Nxd5 8.
Qc2 Nc6 9. Be2 Be7 10. O-O O-O 11. Rd1 Bf6 12. Ne4 h6 13. a3 Bd7 14. Bc4 Be7
15. Ba2 Rc8 16. Qd3 Qb6 17. b4 a5 18. Nc5 Rfd8 19. Bxd5 exd5 20. Nxd7 Rxd7 21.
b5 Nd8 22. Bf4 Bf6 23. Rac1 Rxc1 24. Rxc1 Ne6 25. Be5 Bxe5 26. Nxe5 Rc7 1/2-1/2

[Event "TOP 16"]
[Site "?"]
[Date "2008.04.13"]
[Round "7.6"]
[White "Pucher, Olivier"]
[Black "Roos, Jean-Luc"]
[Result "1/2-1/2"]
[WhiteElo "2334"]
[BlackElo "2326"]
[PlyCount "52"]
[EventDate "2008.??.??"]

1. c4 e5 2. Nc3 Nf6 3. g3 d5 4. cxd5 Nxd5 5. Bg2 Nb6 6. Nf3 Nc6 7. Rb1 Bd6 8.
b4 Bf5 9. b5 Bxb1 10. bxc6 Bg6 11. cxb7 Rb8 12. Qb3 O-O 13. d4 e4 14. Nh4 Rxb7
15. Nxg6 hxg6 16. Nxe4 Rb8 17. h4 Nd7 18. Qd3 Bb4+ 19. Kf1 Be7 20. f4 Nf6 21.
Ng5 Rb4 22. d5 Bc5 23. e4 Qb8 24. Bf3 Re8 25. e5 Nd7 26. e6 fxe6 1/2-1/2

[Event "TOP 16"]
[Site "?"]
[Date "2008.04.13"]
[Round "7.7"]
[White "Reinhart, Emmanuel"]
[Black "Pucher, Sebastien"]
[Result "1/2-1/2"]
[WhiteElo "2298"]
[BlackElo "2221"]
[PlyCount "45"]
[EventDate "2008.??.??"]

1. e4 c5 2. Nf3 d6 3. d4 cxd4 4. Nxd4 Nf6 5. Nc3 a6 6. Be3 e5 7. Nb3 Be6 8. Qd2
Nbd7 9. f3 b5 10. a4 b4 11. Nd5 Bxd5 12. exd5 Nb6 13. Bxb6 Qxb6 14. a5 Qb7 15.
Bc4 g6 16. Ra4 Rb8 17. Qd3 Ra8 18. Qd2 Rb8 19. Qe2 Ra8 20. Qd2 Rb8 21. Qd3 Ra8
22. Qd2 Rb8 23. Qe2 1/2-1/2

[Event "TOP 16"]
[Site "?"]
[Date "2008.04.13"]
[Round "7.8"]
[White "Leclair, Marie"]
[Black "Gras, Delphine"]
[Result "0-1"]
[WhiteElo "1974"]
[BlackElo "2011"]
[PlyCount "102"]
[EventDate "2008.??.??"]

1. e4 c6 2. Nc3 d5 3. Nf3 Bg4 4. h3 Bxf3 5. Qxf3 Nf6 6. d3 e6 7. Bd2 Bb4 8. e5
Nfd7 9. Qg3 Qc7 10. d4 Bf8 11. Bd3 Qb6 12. Qg4 c5 13. dxc5 Nxc5 14. Bb5+ Nc6
15. O-O a6 16. Bxc6+ Qxc6 17. Be3 g6 18. Rfe1 Bg7 19. Bg5 Nd7 20. Qg3 d4 21.
Ne4 Bxe5 22. Qd3 Rc8 23. f4 Bg7 24. c3 Nc5 25. Nxc5 Qxc5 26. cxd4 Qxd4+ 27.
Qxd4 Bxd4+ 28. Kh1 O-O 29. Re2 Kg7 30. Rd1 Bb6 31. Rd7 Rc7 32. Red2 h6 33. Bh4
Rc1+ 34. Rd1 Rfc8 35. Kh2 Rxd1 36. Rxd1 Be3 37. Bg3 Rc2 38. Rd7 Rxb2 39. f5 Kf6
40. fxe6 Kxe6 41. Rd6+ Kf5 42. Rd5+ Ke4 43. Re5+ Kd3 44. a3 Rb1 45. h4 Bg1+ 46.
Kh3 Bd4 47. Rd5 Rh1+ 48. Kg4 f5+ 49. Kf3 Rf1+ 50. Bf2 Rxf2+ 51. Kg3 f4+ 0-1

[Event "TOP 16"]
[Site "?"]
[Date "2008.04.13"]
[Round "7.3"]
[White "Jussupow, Artur"]
[Black "Heinz, Timothee"]
[Result "1-0"]
[WhiteElo "2572"]
[BlackElo "2304"]
[PlyCount "123"]
[EventDate "2008.??.??"]

1. d4 Nf6 2. Nf3 e6 3. e3 b6 4. Bd3 Bb7 5. O-O c5 6. c4 Be7 7. Nc3 cxd4 8. exd4
d5 9. cxd5 Nxd5 10. Bb5+ Bc6 11. Bc4 O-O 12. Ne5 Nxc3 13. bxc3 Bd5 14. Bb3 Bd6
15. Qg4 Qc7 16. Re1 Bxb3 17. axb3 Rc8 18. Bg5 Nd7 19. Nxd7 Qxd7 20. d5 Bf8 21.
dxe6 fxe6 22. c4 Rc6 23. h3 a5 24. Qe4 Re8 25. Be3 Bc5 26. Bxc5 Rxc5 27. Rad1
Qc6 28. Qxc6 Rxc6 29. Rd7 a4 30. bxa4 Rxc4 31. Ra7 Kf8 32. Rb1 Rc6 33. Ra6 Rec8
34. Rbxb6 Rxb6 35. Rxb6 Rc1+ 36. Kh2 Ra1 37. Rb4 Ra3 38. h4 h5 39. g3 Kf7 40.
Rb5 Rxa4 41. Rxh5 Ra2 42. Kg2 Kf6 43. Rh8 Ra4 44. Rf8+ Kg6 45. Kf3 Rb4 46. Ke3
Ra4 47. Rf4 Ra3+ 48. Ke4 Ra5 49. Rf8 Rb5 50. Kf4 Ra5 51. f3 Rb5 52. g4 Kh7 53.
Ke4 Rb1 54. h5 Rh1 55. Re8 Re1+ 56. Kf4 g6 57. Re7+ Kg8 58. hxg6 Kf8 59. Rf7+
Kg8 60. Kg5 Re3 61. f4 Rf3 62. Re7 1-0

[Event "TOP 16"]
[Site "?"]
[Date "2008.04.13"]
[Round "7.4"]
[White "Mensch, Etienne"]
[Black "Chuchelov, Vladimir"]
[Result "0-1"]
[WhiteElo "2324"]
[BlackElo "2553"]
[PlyCount "78"]
[EventDate "2008.??.??"]

1. d4 Nf6 2. c4 e6 3. Nc3 Bb4 4. e3 O-O 5. Bd3 d5 6. Nf3 b6 7. O-O Bb7 8. cxd5
exd5 9. Bd2 Bd6 10. Nb5 Be7 11. Rc1 c5 12. Ne5 Nbd7 13. Nc3 Ne4 14. Nxd7 Qxd7
15. dxc5 Nxd2 16. Qxd2 bxc5 17. Be4 Rad8 18. Rfd1 d4 19. Qd3 g6 20. exd4 cxd4
21. Bxb7 Qxb7 22. Qb5 Qa8 23. Ne2 Rb8 24. Qe5 Rfe8 25. Nxd4 Bf8 26. Qf4 Re4 27.
Qf3 Rxb2 28. h4 Qb7 29. Nc6 Ree2 30. Rf1 Rxa2 31. h5 Rac2 32. Qd5 Rxf2 33. Rxc2
Rxf1+ 34. Kh2 Rf5 35. Qd8 Rxh5+ 36. Kg3 Qb3+ 37. Kf4 Rf5+ 38. Kg4 h5+ 39. Kh4
Rf4+ 0-1

[Event "TOP 16"]
[Site "?"]
[Date "2008.04.13"]
[Round "7.5"]
[White "Hauchard, Arnaud"]
[Black "Netzer, Jean"]
[Result "1/2-1/2"]
[WhiteElo "2490"]
[BlackElo "2390"]
[PlyCount "144"]
[EventDate "2008.??.??"]

1. d4 f5 2. g3 d6 3. Bg2 Nf6 4. Nc3 d5 5. Nh3 e6 6. O-O Be7 7. Na4 O-O 8. b3
Na6 9. c4 c6 10. Nf4 Qd7 11. Nd3 Rd8 12. c5 Rf8 13. Bf4 Qd8 14. b4 Bd7 15. Qb3
Nc7 16. Rfd1 Be8 17. Nab2 h6 18. Ne5 Nd7 19. Nxd7 Bxd7 20. Nd3 Be8 21. a4 a6
22. Nc1 g5 23. Be5 Bf6 24. Qe3 Bxe5 25. Qxe5 Rf7 26. Nd3 Qf6 27. Qxf6 Rxf6 28.
e3 Kg7 29. f3 Bg6 30. Ne5 Rh8 31. Bf1 Be8 32. Kf2 h5 33. h4 g4 34. Be2 Kf8 35.
Rf1 Ke7 36. Ke1 Rhf8 37. Kd2 Bd7 38. Nd3 Rg8 39. Nf4 Be8 40. Rg1 Rff8 41. Ke1
Bf7 42. Kf2 Ra8 43. Rgb1 Rgb8 44. Ra3 Be8 45. Rab3 Rd8 46. Bd3 Kf6 47. Ne2 Ke7
48. Nc3 Ra7 49. b5 axb5 50. axb5 cxb5 51. Bxb5 Nxb5 52. Nxb5 Ra2+ 53. R1b2 Rda8
54. Nc3 Rxb2+ 55. Rxb2 Bc6 56. Ne2 Ra1 57. Nf4 Rh1 58. Kg2 Re1 59. Re2 Rb1 60.
Ra2 Re1 61. Kf2 Rh1 62. Ra8 Rb1 63. fxg4 hxg4 64. Rh8 Rb2+ 65. Ke1 Rb1+ 66. Kd2
Rg1 67. Rh7+ Ke8 68. Nxe6 Rxg3 69. Ng7+ Kf8 70. Ne6+ Ke8 71. Ng7+ Kf8 72. Ne6+
Ke8 1/2-1/2

[Event "TOP 16"]
[Site "?"]
[Date "2008.04.13"]
[Round "7.6"]
[White "Strohhaeker, Raoul"]
[Black "Relange, Eloi"]
[Result "1/2-1/2"]
[WhiteElo "2393"]
[BlackElo "2479"]
[PlyCount "44"]
[EventDate "2008.??.??"]

1. e4 c5 2. Nf3 d6 3. d4 cxd4 4. Nxd4 Nf6 5. Nc3 e6 6. g3 Be7 7. Bg2 O-O 8. O-O
a6 9. f4 Nc6 10. Be3 Qc7 11. Qe2 Bd7 12. Nb3 b5 13. a3 b4 14. axb4 Nxb4 15. e5
dxe5 16. Bxa8 Rxa8 17. fxe5 Qxe5 18. Rfe1 Rc8 19. Bd4 Qb8 20. Na5 h6 21. Rac1
Rd8 22. Red1 Qc7 1/2-1/2

[Event "TOP 16"]
[Site "?"]
[Date "2008.04.13"]
[Round "7.7"]
[White "Chabanon, Jean-Luc"]
[Black "Saatdjian, Thomas"]
[Result "1-0"]
[WhiteElo "2454"]
[BlackElo "2311"]
[PlyCount "209"]
[EventDate "2008.??.??"]

1. d4 Nf6 2. Nf3 g6 3. c4 c5 4. Nc3 cxd4 5. Nxd4 b6 6. e4 d6 7. Be2 Bb7 8. f3
Bg7 9. O-O O-O 10. Be3 Nc6 11. Nxc6 Bxc6 12. Qd2 Nd7 13. Rac1 a5 14. b3 Nc5 15.
Rfe1 Ra7 16. Bf1 Be5 17. Ne2 Rd7 18. Nd4 Bb7 19. Rcd1 e6 20. g3 Qa8 21. Bf2 Bg7
22. Bg2 Re8 23. Qe2 Qd8 24. Rd2 Ree7 25. Red1 Qb8 26. f4 e5 27. Nb5 exf4 28.
Nxd6 Be5 29. Bxc5 bxc5 30. Nf5 gxf5 31. Rxd7 Rxd7 32. Rxd7 Bc6 33. Rd3 Bd4+ 34.
Rxd4 cxd4 35. exf5 Bxg2 36. Qxg2 Kf8 37. Qd5 Qe8 38. Qd6+ Kg8 39. Qxd4 Qe1+ 40.
Kg2 Qe2+ 41. Qf2 f3+ 42. Kg1 Qd1+ 43. Qf1 Qd4+ 44. Kh1 Qe4 45. h4 f2+ 46. Kh2
Qf3 47. c5 Kf8 48. f6 Qxf6 49. Kg2 Qc6+ 50. Kxf2 Qxc5+ 51. Kg2 Qc2+ 52. Qf2
Qe4+ 53. Kh2 Kg8 54. Qd2 a4 55. Qg2 Qe8 56. bxa4 Qxa4 57. Qb2 Qa5 58. a3 Qa6
59. Qb8+ Kg7 60. Qe5+ Kf8 61. Qh8+ Ke7 62. Qb2 h6 63. Kg2 Qc6+ 64. Kf2 Kf8 65.
Qb4+ Kg7 66. Qd4+ Kg8 67. a4 Qc2+ 68. Kf3 Qb3+ 69. Kg2 Qa2+ 70. Kh3 Kh7 71.
Qe4+ Kg8 72. Kg4 Qd2 73. Kh5 Qd6 74. a5 Kg7 75. Qg4+ Kh7 76. Qf5+ Kg7 77. Qg4+
Kh7 78. Qe4+ Kg7 79. Kg4 Qd1+ 80. Kh3 Qf1+ 81. Kh2 Qf2+ 82. Qg2 Qf6 83. Qa2 Qa6
84. Qb2+ Kh7 85. Qd2 Kg6 86. Kg2 Qc6+ 87. Kf2 Qc5+ 88. Ke2 Qe5+ 89. Kf2 Qc5+
90. Kf3 Qc6+ 91. Ke3 f5 92. Kf2 Qc5+ 93. Kg2 Qc6+ 94. Kh2 Qa6 95. Qa2 Kg7 96.
Qb2+ Kh7 97. Qd2 Kg6 98. Kg1 Qa7+ 99. Kf1 Qa6+ 100. Ke1 Qc4 101. Qd6+ Kh5 102.
Qe5 Qb4+ 103. Kf2 Kg6 104. h5+ Kh7 105. Qxf5+ 1-0